Bílá, černá, žlutá nebo hnědá... ... tak to vidí Češi. Na západ od nás je to úplně jinak

Expanzia etnickej reklamy. Etnická reklama najlepšie funguje v USA. Príklady francúzskych reklám s etnickým námetom. Xenofóbia v marketingu zatiaľ pretrváva. Globálne zmeny v postojoch voči rasizmu. Reklama ako nástroj boja proti rasizmu a xenofóbii. Situácia v Česku, kde je stále viditeľný odpor k...

Ausführliche Beschreibung

Gespeichert in:
Bibliographische Detailangaben
1. Verfasser: Všetečková, Vlaďka
Weitere Verfasser: Ciznerová, Lenka
Format: Buchkapitel
Sprache:Tschechisch
Schlagworte:
Tags: Tag hinzufügen
Keine Tags, Fügen Sie das erste Tag hinzu!

MARC

LEADER 00000naa a2200000 4500
001 r038995
005 20231108094321.6
041 0 |a cze 
044 |a CZ 
245 1 0 |a Bílá, černá, žlutá nebo hnědá...  |b ... tak to vidí Češi. Na západ od nás je to úplně jinak  |c Vlaďka Všetečková, Lenka Ciznerová 
520 |a Expanzia etnickej reklamy. Etnická reklama najlepšie funguje v USA. Príklady francúzskych reklám s etnickým námetom. Xenofóbia v marketingu zatiaľ pretrváva. Globálne zmeny v postojoch voči rasizmu. Reklama ako nástroj boja proti rasizmu a xenofóbii. Situácia v Česku, kde je stále viditeľný odpor k menšinám. 
610 2 0 |a reklama 
610 2 0 |a kampane reklamné 
610 2 0 |a objekty reklamy 
610 2 0 |a taktika reklamy 
610 2 0 |a diskriminácia rasová 
610 2 0 |a problémy spoločenské 
610 2 0 |a svet 
610 2 0 |a Česko 
100 1 |a Všetečková, Vlaďka 
700 1 |a Ciznerová, Lenka